| 000 | 00824nac a22002291u 4500 | ||
|---|---|---|---|
| 010 | _a 2004013995 | ||
| 020 | _a0131125877 | ||
| 082 | 0 | 0 |
_a647.94 _bFEN |
| 090 |
_c8493 _d8493 |
||
| 100 | _aFenich, George G. | ||
| 245 | 1 | 0 |
_aMeetings, expositions, events, and conventions : _ban introduction to the industry / _cGeorge G. Fenich. |
| 260 |
_aUpper Saddle River, N.J. : _bPearson/Prentice Hall,2005 _cc2005. |
||
| 300 |
_axiii, 527 p. : _bill. ; _c25 cm. |
||
| 500 | _aIncludes index. | ||
| 500 | _adistributer: Al-ahram | ||
| 511 | _acatalogued by: wessam | ||
| 650 | 0 | _aHospitality industry. | |
| 650 | 0 | _aCongresses and conventions. | |
| 650 | 0 | _aMeetings. | |
| 856 | 4 | 1 |
_3Table of contents _uhttp://www.loc.gov/catdir/toc/ecip0419/2004013995.html |
| 942 |
_cBB _k647.94FEN |
||
| 999 |
_c8493 _d8493 |
||